| 000 | 00883nam a22002177a 4500 | ||
|---|---|---|---|
| 003 | OSt | ||
| 005 | 20260217092755.0 | ||
| 008 | 190307b1990 ||||| |||| 00| 0 eng | ||
| 020 | _a9780863771613 | ||
| 040 | _cNLS | ||
| 082 | _a155.418 GOO | ||
| 100 | _aGoodnow, Jacqueline J. | ||
| 245 |
_aDevelopment according to parents : _bthe nature, sources, and consequences of parents ideas / _cJacqueline J. Goodnow and W. Andrews Collins |
||
| 260 |
_aLondon : _bPsychology Press, _c1990. |
||
| 300 |
_a200 p. ; _c23 cm. |
||
| 505 | _a• Descriptions By Content 15 • The Sources of Parents Ideas 73 • Emphasis on Parents 103 • Emphasis on Children 127 • Concluding Comments 155 • References 163 • Author Index 181 • Subject Index 187 | ||
| 650 | _aChild development | ||
| 650 | _aParenting and families | ||
| 700 | _aCollins, Andrew W. | ||
| 942 |
_2ddc _cBK |
||
| 999 |
_c112840 _d112840 |
||